| Tag |
First Indicator |
Second Indicator |
Subfields |
| LEADER |
00000cam a2200000 a 4500 |
| 001 |
in00002786687 |
| 005 |
20151202172137.0 |
| 008 |
110621s2012 onc 000 j eng c |
| 020 |
|
|
|a 9780771084294 (pbk.)
|
| 020 |
|
|
|a 0771084293 (pbk.)
|
| 035 |
|
|
|a (OCoLC)ocn732948964
|
| 040 |
|
|
|a NLC
|b eng
|c NLC
|d CDX
|d C#P
|d TXA
|d UtOrBLW
|
| 049 |
|
|
|a TXAM
|
| 055 |
0 |
0 |
|a PS8639 H375
|b F56 2012
|
| 082 |
0 |
4 |
|a 813/.6
|2 23
|
| 090 |
|
|
|a PR9199.4.T432
|b F56 2012
|
| 100 |
1 |
|
|a Thanh, Yasuko.
|
| 245 |
1 |
0 |
|a Floating like the dead /
|c Yasuko Thanh.
|
| 264 |
|
1 |
|a Toronto :
|b Emblem,
|c [2012]
|
| 264 |
|
4 |
|c ©2012
|
| 300 |
|
|
|a 232 pages ;
|c 21 cm.
|
| 336 |
|
|
|a text
|b txt
|2 rdacontent
|
| 337 |
|
|
|a unmediated
|b n
|2 rdamedia
|
| 338 |
|
|
|a volume
|b nc
|2 rdacarrier
|
| 505 |
0 |
|
|a Spring-blade knife -- Lula May's love stories -- Floating like the dead -- Hunting in Spanish -- Helen and Frank -- Hustler -- Her Vietnamese boyfriend -- Peach trees of Nhat Tan -- His lover's ghost.
|
| 650 |
|
0 |
|a Short stories, Canadian.
|
| 650 |
|
0 |
|a Canadian fiction.
|
| 945 |
|
|
|a PromptCat
|
| 948 |
|
|
|a cataloged
|b h
|c 2012/12/19
|d c
|e dmitchel
|f 9:10:20 am
|
| 994 |
|
|
|a C0
|b TXA
|
| 999 |
|
|
|a MARS
|
| 999 |
f |
f |
|s b9cd65f1-83eb-38e7-b63d-525b3717385d
|i d9307303-b3bb-3fa0-901d-bac020d8d39e
|t 0
|